LEADER 01269cam0-22004571i-450 001 990001007690403321 005 20191218123328.0 035 $a000100769 035 $aFED01000100769 035 $a(Aleph)000100769FED01 035 $a000100769 100 $a20001205g19639999km-y0itay50------ba 101 0 $aeng 102 $aDE 200 1 $aAbstract Harmonic Analysis$fby Edwin Hewitt and Kenneth A. Ross 210 $aBerlin$cSpringer-Verlag$d1963 215 $av. 2$d24 cm 225 1 $a<>Grundlehren der mathematischen Wissenschaften$v115$v152 610 0 $aTeoria dei gruppi 610 0 $aPrincipi di simmetria 610 0 $aAnalisi armonica 676 $a512 676 $a515 700 1$aHewitt,$bEdwin$041191 701 1$aRoss,$bKenneth A.$041192 801 0$aIT$bUNINA$gRICA$2UNIMARC 801 0$aIT$bUNINA$gRICA$2UNIMARC 901 $aBK 912 $a990001007690403321 952 $aMXII-B-2$b534$fMAS 952 $aMXII-B-6$b027218$fMAS 952 $a10A-078$b5822$fFI1 952 $aC-28-(115$b5312$fMA1 952 $aC-28-(152$b9226$fMA1 952 $a02 22 D 17$b1295$fFINBN 959 $aFINBN 959 $aFI1 959 $aMA1 959 $aMAS 996 $aAbstract harmonic analysis$982700 997 $aUNINA